| 000 | 00746nam a22002057a 4500 | ||
|---|---|---|---|
| 003 | BUBTL | ||
| 008 | 190423b xxu||||| |||| 00| 0 eng d | ||
| 020 | _a978984569084X | ||
| 082 | _a891.443/ B299t/ 2015 | ||
| 100 |
_92285 _aবসু, বুদ্ধদেব |
||
| 245 |
_aতিথিডোর / _cবুদ্ধদেব বসু |
||
| 250 | _a1st Edn. | ||
| 260 |
_aঢাকা : _bআজকাল প্রকাশনী, _cc2015. |
||
| 300 |
_a303 p.: _c22 cm. |
||
| 505 | _aতিথিডোর, বুদ্ধদেব বসু, বাংলা সাহিত্য | ||
| 650 | 0 |
_91689 _aবাংলা সাহিত্য |
|
| 856 |
_k0 _l0 _yDownload |
||
| 942 |
_2ddc _cBK |
||
| 999 |
_c5984 _d5984 |
||